banner koha

Controle do carvao da cana-de-acucar no Brasil [Fungo; Saccharum spp; Ustilago scitaminea] (Registro n. 27009)

MARC details
000 -LÍDER
campo de controle de tamanho fixo 01027nam a22003017a 4500
001 - NÚMERO DE CONTROLE
campo de controle BR7900734
003 - IDENTIFICADOR DO NÚMERO DE CONTROLE
campo de controle BR-BrBNA
005 - DATA E HORÁRIO DA ÚLTIMA TRANSAÇÃO
campo de controle 20230928085922.0
007 - CAMPO FIXO DE DESCRIÇÃO FÍSICA--INFORMAÇÃO GERAL
campo de controle de tamanho fixo ta
008 - CAMPO DE DADOS FIXOS--INFORMAÇÃO GERAL
campo de controle de tamanho fixo 230509b bl.||||| |||| 00| 0 por d
040 ## - FONTE DA CATALOGAÇÃO
Instituição da catalogação original BR-BrBNA
Idioma da catalogação por
Instituição que transcreveu o registro Biblioteca Nacional de Agricultura
041 ## - CÓDIGO DE IDIOMA
Código do idioma do texto/trilha sonora ou título diferente (Por)
072 ## - CÓDIGO DE CATEGORIA DE ASSUNTO
Código de Categoria de Assunto H20
Código do objeto 0230
-- 4120
-- /G514
090 ## - NÚMERO DE CHAMADA LOCAL
-- 0230 BR7900734
100 1# - ENTRADA PRINCIPAL--NOME PESSOAL
Nome pessoal Matsuoka, S.
110 1# - ENTRADA PRINCIPAL--NOME CORPORATIVO
Nome corporativo ou nome da jurisdição Programa Nacional de Melhoramento da Cana-de-Acucar, Araras, SP (Brasil). Coordenadoria Regional Sul
111 1# - ENTRADA PRINCIPAL--NOME DO EVENTO
Nome do evento ou lugar 10. Reuniao Plenaria do Grupo de Paises Latinoamericanos y del Caribe Exportadores de Azucar
Local do evento Buenos Aires (Argentina)
Data do evento ou assinatura do tratado Apr 1979
245 1# - TÍTULO
Título Controle do carvao da cana-de-acucar no Brasil [Fungo; Saccharum spp; Ustilago scitaminea]
260 3# - PUBLICAÇÃO, DISTRIBUIÇÃO, ETC.
Local de publicação, distribuição, etc. Araras, SP (Brasil):
Data da publicação, distribuição, etc. 1979.
300 ## - DESCRIÇÃO FÍSICA
Extensão 17 p.
500 ## - NOTA GERAL
Nota geral 24 ref.; Summary (Eng)
650 ## - ASSUNTO--TERMO TÓPICO
Cabeçalho tópico ou nome geográfico Doenca de planta
650 ## - ASSUNTO--TERMO TÓPICO
Cabeçalho tópico ou nome geográfico Cana de acucar
650 ## - ASSUNTO--TERMO TÓPICO
Cabeçalho tópico ou nome geográfico Carvao
650 ## - ASSUNTO--TERMO TÓPICO
Cabeçalho tópico ou nome geográfico Fungo
909 ## -
-- 202309
-- Lucia
-- 55
-- Lucia Elande
942 ## - ELEMENTOS DE ENTRADA ADICIONADOS (KOHA)
Tipo de material Koha Livros
Exemplares
Situação do descarte Fonte da classificação ou esquema de arquivamento na estante Situação física Não pode ser emprestado Coleção Biblioteca de origem Biblioteca atual Total de empréstimos Número de telefone completo Código de barras Data de último acesso Número do exemplar Tipo de material Koha Situação das perdas Data de aquisição Fonte de aquisição
  Classificação AGRIS       Biblioteca Nacional de Agricultura - Binagri Biblioteca Nacional de Agricultura - Binagri   0230 BR7900734 0230 BR7900734 25/09/2023 01 Livros   2023-09-25 Portaria Interministerial nº 164/94

BINAGRI

Telefone: (61)3218-2567/2388/3357/2097 - binagri@agro.gov.br

Ministério da Agricultura e Pecuária , Esplanada dos Ministérios, Bloco D, Anexo B, Brasília/DF, CEP: 70.043-900